| 000 | 00000nam 2200000zi 4500 |
| 001 | 9.897043 |
| 003 | CaOODSP |
| 005 | 20240402161253 |
| 006 | m o d f |
| 007 | cr |n||||||||| |
| 008 | 210302e198712##onc|||| ob f00| 0|eng d |
| 040 | |aCaOODSP|beng|erda|cCaOODSP |
| 043 | |an-cn---|an-us--- |
| 086 | 1 |aC23-216/1987E-PDF |
| 100 | 1 |aCard, Duncan Cornell, |eauthor. |
| 245 | 10|aCanada-United States free trade and Canadian cultural sovereignty : |bvolume I / |cby Duncan Cornell Card, B.A., LL.B., LL.M. |
| 264 | 1|a[Ottawa] : |bDepartment of Regional Industrial Expansion, |cDecember 1987. |
| 300 | |a1 online resource ([iii], ii, 111 pages) |
| 336 | |atext|btxt|2rdacontent |
| 337 | |acomputer|bc|2rdamedia |
| 338 | |aonline resource|bcr|2rdacarrier |
| 490 | 0 |aSeries on trade in services |
| 500 | |aDigitized edition from print [produced by Innovation, Science and Economic Development Canada]. |
| 502 | |aThesis (LL.M.)--University of Toronto, 1987. |
| 504 | |aIncludes bibliographical references (pages 97-111). |
| 650 | 0|aCultural property|xProtection|zCanada. |
| 650 | 0|aForeign trade regulation|zCanada. |
| 650 | 0|aFree trade|zCanada. |
| 650 | 6|aPatrimoine culturel|xProtection|zCanada. |
| 650 | 6|aCommerce international|xRéglementation|zCanada. |
| 650 | 6|aLibre-échange|zCanada. |
| 651 | 0|aCanada|xForeign economic relations|zUnited States. |
| 651 | 0|aUnited States|xForeign economic relations|zCanada. |
| 651 | 6|aCanada|xRelations économiques extérieures|zÉtats-Unis. |
| 651 | 6|aÉtats-Unis|xRelations économiques extérieures|zCanada. |
| 710 | 1 |aCanada. |bDepartment of Regional Industrial Expansion, |eissuing body. |
| 710 | 2 |aInstitute for Research on Public Policy, |eissuing body. |
| 856 | 40|qPDF|s2.68 MB|uhttps://publications.gc.ca/collections/collection_2024/isde-ised/c23/C23-216-1987-eng.pdf |